L'home nu : tot despullant els arquetips de la masculinitat tot despullant els arquetips de la masculinitat
Descripción Física:
1 díptic ; il·lustracions color ; 15 x 21 cm
Idioma:
Catalán
MARC
| LEADER | 00000nam a22000007a 4500 | ||
|---|---|---|---|
| 001 | 27928 | ||
| 003 | Arxiu | ||
| 005 | 20260324181517.0 | ||
| 008 | 230523b spa||||| |||| 00| 0 cat d | ||
| 017 | |a B 25827-2019 | ||
| 040 | |a agdb |b cat | ||
| 245 | |a L'home nu : |b tot despullant els arquetips de la masculinitat | ||
| 260 | |a Barcelona : |b Diputació de Barcelona : |b Museu d'Art de Cerdanyola : |b Museu Abelló ; |c 2019 | ||
| 300 | |a 1 díptic ; |b il·lustracions color ; |c 15 x 21 cm | ||
| 500 | |a Fulletó de l'exposició realitzada del 21 de novembre de 2019 al 5 d'abril del 2020 al Museu d'Art de Cerdanyola. | ||
| 650 | 0 | |9 56445 |a Masculinitat en l'art |x Exposicions | |
| 650 | 0 | |2 Arxiu |9 39885 |a Exposicions itinerants | |
| 710 | 1 | |9 52675 |a Barcelona (Catalunya : Província). |b Oficina de Patrimoni Cultural | |
| 710 | |a Museu d'Art de Cerdanyola | ||
| 710 | 2 | |a Museu Abelló |9 56446 | |
| 942 | |2 udc |c ARXIU |n 1 | ||
| 952 | |0 0 |1 0 |2 udc |4 0 |6 FU75122 |7 1 |9 66396 |a Arxiu |b Arxiu |d 2023-05-23 |l 0 |o FU-75-122 |p 27928 |r 2023-05-23 00:00:00 |w 2023-05-23 |y ARXIU | ||
| 999 | |c 83741 |d 83741 | ||